000 01496nam a2200301 i 4500
001 bg
245 1 0 _aDylematy przestrzennego rozwoju wsi polskiej na tle Programu Rozwoju Obszarów Wiejskich 2007-2013/15 :
_bmateriały z konferencji w Radzikowie k. Warszawy (29-30 05 2007) = Dilemmas of Polish villages' spatial development and Programme of Rural Areas' Development 2007-2013/15 /
_cpod red. Andrzeja Stasiaka.
246 _iTyt. równol. :
_aDilemmas of Polish villages' spatial development and Programme of Rural Areas' Development 2007-2013/15
260 _aWarszawa :
_bKomitet Przestrzennego Zagospodarowania Kraju PAN,
_c2007.
300 _a304 s. :
_bmapy kolor., wykr. ;
_c21 cm.
490 _aBiuletyn / Polska Akademia Nauk. Komitet Przestrzennego Zagospodarowania Kraju,
_x0079-3493 ;
_vz. 234
504 _aBibliogr. przy ref.
546 _aStreszcz. ang.
650 9 _aWieś
_xplanowanie przestrzenne
_zPolska
_y21 w.
650 9 _aWieś
_xprognozy
_zPolska
_y21 w.
650 9 _aProgramy pomocowe UE
_zPolska
655 _aMateriały konferencyjne
700 1 _aStasiak, Andrzej
_d(1928- ).
_eRed.
830 _aBiuletyn - Polska akademia Nauk. Komitet Przestrzennego Zagospodarowania Kraju,
_x0079-3493 ;
_vz. 234
020 _a9788389693662
040 _cBPK
041 0 _apol
_beng
044 _aPOL
080 _a711.3:332.14](438)"20":339.7(4-67)
942 _cKS
008 s pl f |000 0 pol
999 _c54511
_d54511